000 00741nam a2200277Ia 4500
005 20260324115113.0
008 008 260324s9999 xx 000 0 eng d
020 _a9781351135948
037 _aEBOOK
040 _aCRL
040 _beng
040 _cCRL
041 _2eng
041 _aeng
084 _qCRL
100 _aG L Sivakumar Babu; Prithvi S. Kandhal; Nivedya Mandankara Kottayi; Rajib Basu Mallick; Amirthalingam Veeraragavan
_91153378
245 0 _aPavement Drainage: Theory and Practice
260 _bTaylor and Francis
260 _c2019
365 _a
365 _b240
856 _uhttp://www.taylorfrancis.com/books/9781351135948
942 _cEBOOK
999 _c1744007
_d1744007